zpět

Detail výsledku týmu

U Frigosů, Čelákovice

Datum a čas kvízu

26.5 Celkem bodů Celkový počet nahraných bodů na tomto kvízu bez doplňovacích otázek.
3. Pořadí na kvízu Konečné umístění týmu na tomto kvízu.

Zaznamenané odpovědi

# Otázka Odpověď Body Výsledky
1. Radnice města Zubří na Vsetíns... pařez 0
2. Silný hurikán zasáhl v neděli... Dorian 1
3. Ve čtvrtek měl v kinech premié... Petr Kolečko 1
4. V Etiopii byla nalezena téměř... Australopithecus 1
5. Lukáš Krpálek se stal opět mis... v Japonsku 1
6. Ve které ze čtyř možností jsou... C 1
7. Nyní je Vaším úkolem seřadit c... A 1
8. Seřaďte tato periodika od těch... D 0
9. Seřaďte tyto filmy od toho, kt... B 1
10. V poslední otázce tématu Vám d... C 0